000 00489nam a2200205Ia 4500
005 20250425162317.0
008 250425s9999 xx 000 0 und d
020 _a0849372054
041 _aeng
082 _a576
100 _aLASKIN, A. I.
245 0 _aHANDBOOK OF MICROBIOLOGY: MICROBIAL PRODUCTS
250 _a2ND ED.
260 _aEstados Unidos
_bCRC PRESS
_c1984
260 _aFLORIDA CITY
300 _a908
650 _aMICROBIOLOGIA
942 _c01
010 _a60705
999 _c226589
_d226589